| 000 | 01017nam0a22002291 4500 | ||
|---|---|---|---|
| 001 | rc\3380461 | ||
| 005 | 20250609185709.0 | ||
| 035 | _a(NLR Aleph) 007452243 | ||
| 090 |
_a7228447 _c7228447 |
||
| 100 | _a20130115d1974 |||y0rusy50 ca | ||
| 101 | 0 | _arus | |
| 102 | _aRU | ||
| 105 | _ay z ||||| | ||
| 200 | 1 |
_aАгротехнические требования и материалы обоснования на скоростной (9-15 км/час) гусеничный трактор класса тяги 5 тс _eПроект _fМ-во с. х. СССР. Всесоюз. акад. с.-х. наук им. В.И. Ленина. Всесоюз. науч.-исслед. ин-т механизации и сел. хоз-ва. ВИМ |
|
| 210 |
_aМосква _cБ. и. _d1974 |
||
| 215 |
_a[2], 33, [2], 7 с. _d28 |
||
| 333 | _aДля служебного пользования. Экз. № 00007 | ||
| 801 | 0 |
_aRU _bNLR _gpsbo |
|
| 801 | 1 |
_aRU _bELAR _2rusmarc |
|
| 852 |
_aNLR _j74-50к/691 |
||
| 942 | _cBOOK | ||
| 980 | _aNB | ||